| 000 | 00701nam a2200277Ia 4500 | ||
|---|---|---|---|
| 005 | 20260324112913.0 | ||
| 008 | 008 260324s9999 xx 000 0 eng d | ||
| 020 | _a9781003275985 | ||
| 037 | _aEBOOK | ||
| 040 | _aCRL | ||
| 040 | _beng | ||
| 040 | _cCRL | ||
| 041 | _2eng | ||
| 041 | _aeng | ||
| 084 | _qCRL | ||
| 100 |
_aGohar Khan _91144611 |
||
| 245 | 0 | _aEmpowering Young Leaders: How your Culture and Ethos can Enhance Student Leadership within your School | |
| 260 | _bTaylor and Francis | ||
| 260 | _c2024 | ||
| 365 | _a | ||
| 365 | _b230 | ||
| 856 | _uhttp://www.taylorfrancis.com/books/9781003275985 | ||
| 942 | _cEBOOK | ||
| 999 |
_c1733998 _d1733998 |
||